The first epistle to the Corinthians. (Record no. 435)

000 -LEADER
fixed length control field 00675nam a2200193 a 4500
001 - CONTROL NUMBER
control field :::00013589$&:&@@
003 - CONTROL NUMBER IDENTIFIER
control field OkBaRHE
005 - DATE AND TIME OF LATEST TRANSACTION
control field 20100402123301.0
008 - FIXED-LENGTH DATA ELEMENTS--GENERAL INFORMATION
fixed length control field s1987 j 000 0 eng u
040 ## - CATALOGING SOURCE
Transcribing agency
100 1# - MAIN ENTRY--PERSONAL NAME
Personal name Fee, Gordon D.
245 14 - TITLE STATEMENT
Title The first epistle to the Corinthians.
260 ## - PUBLICATION, DISTRIBUTION, ETC. (IMPRINT)
Place of publication, distribution, etc Grand Rapids, MI., :
Name of publisher, distributor, etc W. B. Eerdmans Pub. Co.
Date of publication, distribution, etc 1987
300 ## - PHYSICAL DESCRIPTION
Extent xxiv, 880 p. ;
Dimensions 23 cm.
490 0# - SERIES STATEMENT
Series statement The new international commentary on the New Testament.
650 ## - SUBJECT ADDED ENTRY--TOPICAL TERM
Topical term or geographic name as entry element Bible New Testament 1 Corinthians
General subdivision Commentaries
942 ## - ADDED ENTRY ELEMENTS (KOHA)
Source of classification or shelving scheme
Koha item type Books
Copies
Shelving location Barcode Source of classification or shelving scheme Date acquired Lost status Permanent Location Collection code Not for loan Date last seen Copy number Damaged status Withdrawn status Price effective from Full call number Koha item type
General Stacks13589 2010-04-14 RHEMA Bible Training CollegeReference 2018-04-031  2010-04-14BS 2675.3 .F43 1987Books